فتح البارى بشرح صحيح الامام ابى عبد الله محمد بن اسماعيل البخارى / (رقم التسجيلة. 178049)

تفاصيل مارك
000 -LEADER
fixed length control field 01857namaa22003491i 4500
003 - CONTROL NUMBER IDENTIFIER
control field EG-GICUC
005 - DATE AND TIME OF LATEST TRANSACTION
control field 20260127111720.0
008 - FIXED-LENGTH DATA ELEMENTS--GENERAL INFORMATION
fixed length control field 260127s19861987ua ||||jr|||| 000 0 ara d
017 ## - COPYRIGHT OR LEGAL DEPOSIT NUMBER
Copyright or legal deposit number 1986 / 7134
Assigning agency دار الكتب والوثائق القومية(مصر)
040 ## - CATALOGING SOURCE
Original cataloging agency EG-GiCUC
Language of cataloging ara
Transcribing agency EG-GiCUC
Modifying agency EG-GiCUC
Description conventions rda
082 04 - DEWEY DECIMAL CLASSIFICATION NUMBER
Edition number 21
Classification number 235.1
Item number H154f
092 04 - LOCALLY ASSIGNED DEWEY CALL NUMBER (OCLC)
Edition number 21
Classification number 235.1
Item number H154f
099 ## - LOCAL FREE-TEXT CALL NUMBER (OCLC)
Classification number 235.1 H154f 1986-1987
100 1# - MAIN ENTRY--PERSONAL NAME
Personal name ابن حجر العسقلاني، أحمد بن علي،
Dates associated with a name 1372-1449
Relator term مؤلف.
245 1# - TITLE STATEMENT
Title فتح البارى بشرح صحيح الامام ابى عبد الله محمد بن اسماعيل البخارى /
Statement of responsibility, etc. للإمام الحافظ أحمد بن على بن حجر العسقلانى ؛ قام بشرحه وتصحيح تجاربه وتحقيقه محب الدين الخطيب ؛ رقم كتبه وأبوابه وأحاديثه واستقصى أطرافه ونبه على أرقامها فى كل حديث محمد فؤاد عبد الباقى ؛ راجعه قصى محب الدين الخطيب
250 ## - EDITION STATEMENT
Edition statement الطبعة الاولى
264 ## - PRODUCTION, PUBLICATION, DISTRIBUTION, MANUFACTURE, AND COPYRIGHT NOTICE
Place of production, publication, distribution, manufacture القاهرة (مصر) :
Name of producer, publisher, distributor, manufacturer دار الريان للتراث،
Date of production, publication, distribution, manufacture, or copyright notice 1986
300 ## - PHYSICAL DESCRIPTION
Extent ؛ 13 مجلد
Dimensions 28 سم
Other physical details إيضاحيات، صور، مثيليات ؛ Illustrations
336 ## - CONTENT TYPE
Source rdacontent
Content type term text
337 ## - MEDIA TYPE
Source rdamedia
Media type term Unmediated
338 ## - CARRIER TYPE
Source rdacarrier
Carrier type term volume
504 ## - BIBLIOGRAPHY, ETC. NOTE
Bibliography, etc. note يشتمل على ارجاعات ببليوجرافية
541 ## - IMMEDIATE SOURCE OF ACQUISITION NOTE
Source of acquisition د. جابر عصفور ؛
Address القاهرة ؛
Method of acquisition إهداء ؛
Date of acquisition 2024.
650 17 - SUBJECT ADDED ENTRY--TOPICAL TERM
Topical term or geographic name entry element الحديث
General subdivision شرح
Source of heading or term qrmak
650 17 - SUBJECT ADDED ENTRY--TOPICAL TERM
Topical term or geographic name entry element صحيح البخارى
Source of heading or term qrmak
651 1# - SUBJECT ADDED ENTRY--GEOGRAPHIC NAME
Source of heading or term qrmak
700 1# - ADDED ENTRY--PERSONAL NAME
Personal name الخطيب، محب الدين
Relator term محقق.
700 1# - ADDED ENTRY--PERSONAL NAME
Personal name عبد الباقى، محمد فؤاد
700 1# - ADDED ENTRY--PERSONAL NAME
Personal name الخطيب، قصى محب
Relator term مراجع.
905 ## - Cataloger and Reviser Names
Cataloger Name Huda
942 ## - ADDED ENTRY ELEMENTS (KOHA)
Source of classification or shelving scheme Dewey Decimal Classification
Koha item type Books
Edition 21
Suppress in OPAC No
المقتنيات
Withdrawn status Lost status Source of classification or shelving scheme Damaged status Not for loan Home library Current library Date acquired Inventory number Total checkouts Full call number Barcode Date last seen Price effective from Koha item type
    Dewey Decimal Classification   Not for loan المكتبة المركزبة الجديدة - جامعة القاهرة قاعة المكتبات المهداة - الدور الرابع 27.01.2026 175079   235.1 H154f 1986-1987 v.1 J.U. 01000100175079001 27.01.2026 27.01.2026 Books
    Dewey Decimal Classification   Not for loan المكتبة المركزبة الجديدة - جامعة القاهرة قاعة المكتبات المهداة - الدور الرابع 27.01.2026 175079   235.1 H154f 1986-1987 v.2 J.U. 01000100175079002 27.01.2026 27.01.2026 Books
    Dewey Decimal Classification   Not for loan المكتبة المركزبة الجديدة - جامعة القاهرة قاعة المكتبات المهداة - الدور الرابع 27.01.2026 175079   235.1 H154f 1986-1987 v.3 J.U. 01000100175079003 27.01.2026 27.01.2026 Books
    Dewey Decimal Classification   Not for loan المكتبة المركزبة الجديدة - جامعة القاهرة قاعة المكتبات المهداة - الدور الرابع 27.01.2026 175079   235.1 H154f 1986-1987 v.4 J.U. 01000100175079004 27.01.2026 27.01.2026 Books
    Dewey Decimal Classification   Not for loan المكتبة المركزبة الجديدة - جامعة القاهرة قاعة المكتبات المهداة - الدور الرابع 27.01.2026 175079   235.1 H154f 1986-1987 v.5 J.U. 01000100175079005 27.01.2026 27.01.2026 Books
    Dewey Decimal Classification   Not for loan المكتبة المركزبة الجديدة - جامعة القاهرة قاعة المكتبات المهداة - الدور الرابع 27.01.2026 175079   235.1 H154f 1986-1987 v.6 J.U. 01000100175079006 27.01.2026 27.01.2026 Books
    Dewey Decimal Classification   Not for loan المكتبة المركزبة الجديدة - جامعة القاهرة قاعة المكتبات المهداة - الدور الرابع 27.01.2026 175079   235.1 H154f 1986-1987 v.7 J.U. 01000100175079007 27.01.2026 27.01.2026 Books
    Dewey Decimal Classification   Not for loan المكتبة المركزبة الجديدة - جامعة القاهرة قاعة المكتبات المهداة - الدور الرابع 27.01.2026 175079   235.1 H154f 1986-1987 v.8 J.U. 01000100175079008 27.01.2026 27.01.2026 Books
    Dewey Decimal Classification   Not for loan المكتبة المركزبة الجديدة - جامعة القاهرة قاعة المكتبات المهداة - الدور الرابع 27.01.2026 175079   235.1 H154f 1986-1987 v.9 J.U. 01000100175079009 27.01.2026 27.01.2026 Books
    Dewey Decimal Classification   Not for loan المكتبة المركزبة الجديدة - جامعة القاهرة قاعة المكتبات المهداة - الدور الرابع 27.01.2026 175079   235.1 H154f 1986-1987 v.10 J.U. 01000100175079010 27.01.2026 27.01.2026 Books
    Dewey Decimal Classification   Not for loan المكتبة المركزبة الجديدة - جامعة القاهرة قاعة المكتبات المهداة - الدور الرابع 27.01.2026 175079   235.1 H154f 1986-1987 v.11 J.U. 01000100175079011 27.01.2026 27.01.2026 Books
    Dewey Decimal Classification   Not for loan المكتبة المركزبة الجديدة - جامعة القاهرة قاعة المكتبات المهداة - الدور الرابع 27.01.2026 175079   235.1 H154f 1986-1987 v.12 J.U. 01000100175079012 27.01.2026 27.01.2026 Books
    Dewey Decimal Classification   Not for loan المكتبة المركزبة الجديدة - جامعة القاهرة قاعة المكتبات المهداة - الدور الرابع 27.01.2026 175079   235.1 H154f 1986-1987 v.13 J.U. 01000100175079013 27.01.2026 27.01.2026 Books
Cairo University Libraries Portal Implemented & Customized by: Eng. M. Mohamady Contacts: new-lib@cl.cu.edu.eg | cnul@cl.cu.edu.eg
CUCL logo CNUL logo
© All rights reserved — Cairo University Libraries
CUCL logo
Implemented & Customized by: Eng. M. Mohamady Contact: new-lib@cl.cu.edu.eg © All rights reserved — New Central Library
CNUL logo
Implemented & Customized by: Eng. M. Mohamady Contact: cnul@cl.cu.edu.eg © All rights reserved — Cairo National University Library